Countries of the World in 90 seconds - Statistics

General Stats
  • This quiz has been taken 60 times
  • The average score is 49 of 197
Answers on the Map
Answers color-coded by a green-red scale on the quiz's map according to % correct below.
 
Answer Stats
Country % Correct
United States
95%
China
89%
Russia
89%
Brazil
84%
United Kingdom
84%
Canada
79%
Argentina
74%
Mexico
74%
France
68%
India
68%
Norway
68%
Spain
68%
Australia
63%
Finland
63%
Germany
63%
Iceland
63%
Japan
63%
Sweden
63%
Chile
58%
Egypt
58%
Italy
58%
Peru
58%
Denmark
53%
Ireland
53%
Poland
53%
Portugal
53%
United Arab Emirates
53%
Chad
47%
Democratic Republic of the Congo
47%
Greece
47%
Iran
47%
Iraq
47%
Ukraine
47%
Yemen
47%
Algeria
42%
Cuba
42%
Estonia
42%
Latvia
42%
Libya
42%
Mongolia
42%
Niger
42%
Oman
42%
Belgium
37%
Israel
37%
Mali
37%
Republic of the Congo
37%
Austria
32%
Bolivia
32%
Central African Republic
32%
Dominican Republic
32%
Guyana
32%
Indonesia
32%
Kazakhstan
32%
Nepal
32%
Netherlands
32%
Paraguay
32%
Qatar
32%
Saudi Arabia
32%
South Korea
32%
Sudan
32%
Tanzania
32%
Benin
26%
Colombia
26%
Ecuador
26%
Kuwait
26%
Laos
26%
Liberia
26%
Malta
26%
Nigeria
26%
Papua New Guinea
26%
Syria
26%
Thailand
26%
Togo
26%
Uganda
26%
Uruguay
26%
Vietnam
26%
Belarus
21%
Brunei
21%
Cyprus
21%
Czech Republic
21%
Dominica
21%
Eritrea
21%
Ethiopia
21%
Gabon
21%
Jamaica
21%
Kenya
21%
Lithuania
21%
Malaysia
21%
Morocco
21%
North Korea
21%
Pakistan
21%
Romania
21%
Rwanda
21%
Serbia
21%
Somalia
21%
South Africa
21%
Suriname
21%
The Bahamas
21%
Venezuela
21%
Bahrain
16%
Bhutan
16%
Cambodia
16%
Croatia
16%
Eswatini
16%
Ghana
16%
Guinea
16%
Haiti
16%
Honduras
16%
Madagascar
16%
Malawi
16%
Monaco
16%
Montenegro
16%
Namibia
16%
New Zealand
16%
Palau
16%
Panama
16%
Singapore
16%
South Sudan
16%
Switzerland
16%
The Gambia
16%
Tunisia
16%
Zambia
16%
Albania
11%
Andorra
11%
Angola
11%
Antigua and Barbuda
11%
Bangladesh
11%
Belize
11%
Bosnia and Herzegovina
11%
Bulgaria
11%
Burundi
11%
Cameroon
11%
Costa Rica
11%
Djibouti
11%
East Timor
11%
El Salvador
11%
Fiji
11%
Georgia
11%
Grenada
11%
Guatemala
11%
Kiribati
11%
Lebanon
11%
Lesotho
11%
Liechtenstein
11%
Luxembourg
11%
Moldova
11%
Myanmar
11%
Nauru
11%
North Macedonia
11%
Saint Kitts and Nevis
11%
San Marino
11%
Senegal
11%
Slovakia
11%
Türkiye
11%
Turkmenistan
11%
Vanuatu
11%
Vatican City
11%
Afghanistan
5%
Armenia
5%
Barbados
5%
Botswana
5%
Equatorial Guinea
5%
Federated States of Micronesia
5%
Hungary
5%
Jordan
5%
Kyrgyzstan
5%
Marshall Islands
5%
Nicaragua
5%
Philippines
5%
Saint Lucia
5%
Saint Vincent and the Grenadines
5%
Sao Tome and Principe
5%
Slovenia
5%
Tajikistan
5%
Trinidad and Tobago
5%
Tuvalu
5%
Uzbekistan
5%
Zimbabwe
5%
Azerbaijan
0%
Burkina Faso
0%
Cape Verde
0%
Comoros
0%
Guinea-Bissua
0%
Ivory Coast
0%
Maldives
0%
Mauritania
0%
Mauritius
0%
Mozambique
0%
Samoa
0%
Seychelles
0%
Sierra Leone
0%
Solomon Islands
0%
Sri Lanka
0%
Tonga
0%
No matching quizzes found
Score Distribution
Percent of People with Each Score
Percentile by Number Answered
Your Score History
You have not taken this quiz